<?xml version="1.0" encoding="UTF-8"?>
<record
    xmlns:xsi="http://www.w3.org/2001/XMLSchema-instance"
    xsi:schemaLocation="http://www.loc.gov/MARC21/slim http://www.loc.gov/standards/marcxml/schema/MARC21slim.xsd"
    xmlns="http://www.loc.gov/MARC21/slim">

  <leader>00890nam a2200217 i 4500</leader>
  <controlfield tag="001">174029</controlfield>
  <controlfield tag="003">ES-MaACL</controlfield>
  <controlfield tag="005">20250724074950.0</controlfield>
  <controlfield tag="007">t|</controlfield>
  <controlfield tag="008">100208s1917    sp           |||| | spa d</controlfield>
  <datafield tag="110" ind1="2" ind2=" ">
    <subfield code="a">Real Academia de Ciencias Exactas, F&#xED;sicas y Naturales de Espa&#xF1;a.</subfield>
    <subfield code="9">175635</subfield>
  </datafield>
  <datafield tag="245" ind1="1" ind2="0">
    <subfield code="a">Memorias de la Real Academia de Ciencias </subfield>
    <subfield code="g">1917.</subfield>
  </datafield>
  <datafield tag="260" ind1=" " ind2=" ">
    <subfield code="a">Madrid : </subfield>
    <subfield code="b">[s.n.], </subfield>
    <subfield code="c">1917 (Est. Tip. de Fortanet)</subfield>
  </datafield>
  <datafield tag="300" ind1=" " ind2=" ">
    <subfield code="a">v. ; </subfield>
    <subfield code="c">28 cm.</subfield>
  </datafield>
  <datafield tag="505" ind1="8" ind2=" ">
    <subfield code="a">Contiene: T. XXVII ; </subfield>
    <subfield code="t">Tratado de trigonometr&#xED;a plana, circular e hiperb&#xF3;lica y de trigonometr&#xED;a esf&#xE9;rica y esferoidal / </subfield>
    <subfield code="r">Antonio G&#xF3;mez Ruiz (318 p.)</subfield>
  </datafield>
  <datafield tag="650" ind1=" " ind2="7">
    <subfield code="a">Trigonometr&#xED;a</subfield>
    <subfield code="2">embne</subfield>
    <subfield code="9">17647</subfield>
  </datafield>
  <datafield tag="700" ind1="1" ind2=" ">
    <subfield code="a">G&#xF3;mez Ruiz, Antonio.</subfield>
    <subfield code="9">142123</subfield>
  </datafield>
  <datafield tag="740" ind1="0" ind2="2">
    <subfield code="a">Tratado de trigonometr&#xED;a plana, circular e hiperb&#xF3;lica y de trigonometr&#xED;a esf&#xE9;rica y esferoidal.</subfield>
  </datafield>
  <datafield tag="852" ind1=" " ind2=" ">
    <subfield code="a">ES-MaACL</subfield>
    <subfield code="j">K-246</subfield>
  </datafield>
  <datafield tag="999" ind1=" " ind2=" ">
    <subfield code="c">174029</subfield>
    <subfield code="d">174029</subfield>
  </datafield>
  <datafield tag="952" ind1=" " ind2=" ">
    <subfield code="0">0</subfield>
    <subfield code="1">0</subfield>
    <subfield code="4">0</subfield>
    <subfield code="7">0</subfield>
    <subfield code="a">ATENEOM</subfield>
    <subfield code="b">ATENEOM</subfield>
    <subfield code="c">ADM</subfield>
    <subfield code="d">2010-02-08</subfield>
    <subfield code="l">0</subfield>
    <subfield code="o">K-246</subfield>
    <subfield code="p">1182678</subfield>
    <subfield code="r">2023-02-23 00:00:00</subfield>
    <subfield code="w">2023-02-23</subfield>
    <subfield code="y">MONOGRAFIA</subfield>
  </datafield>
</record>
